[Event "25e tournoi 1hKO"]
[Site "Montigny le Bretonneux"]
[Date "2023.05.21"]
[Round "9.21"]
[White "Nosperger, Theo"]
[Black "Garabedian, Christophe"]
[Result "1/2-1/2"]
[WhiteElo "1199"]
[BlackElo "1199"]
[Annotator "Rivier,Sylvain"]
[PlyCount "72"]
[EventDate "2023.??.??"]

{DÃ©fense est-indienne} 1. d4 Nf6 2. c4 g6 3. Nf3 Bg7 4. Nc3 d6 5. Bg5 O-O 6.
e4 Ng4 7. h3 h6 8. Bd2 Nf6 9. Qc1 g5 10. h4 g4 11. Ng1 Kh7 12. Bd3 e5 13. d5
Nh5 14. g3 Na6 15. Be2 Nc5 16. b4 Na6 17. a3 c5 18. b5 Nc7 19. Qd1 Nf6 20. Bd3
b6 21. f4 Rh8 22. f5 a6 23. Qc1 Kg8 24. Bg5 Qe8 25. Kf2 Bd7 26. a4 a5 27. Nge2
Rc8 28. Kg2 Qe7 29. Rf1 Qd8 30. Qd2 Kf8 31. Nd1 Ke7 32. Qe3 Rg8 33. Ndc3 Qf8
34. Bxf6+ Bxf6 35. Qd2 Ne8 36. Rf2 Rg7 1/2-1/2

[Event "25e tournoi 1hKO"]
[Site "Montigny le Bretonneux"]
[Date "2023.05.21"]
[Round "9.22"]
[White "Zheng, Zhaokang"]
[Black "Genovart, Lucas"]
[Result "1/2-1/2"]
[WhiteElo "1009"]
[BlackElo "1199"]
[Annotator "Rivier,Sylvain"]
[PlyCount "78"]
[EventDate "2023.??.??"]

{Partie italienne} 1. e4 e5 2. Nf3 Nc6 3. Bc4 Bc5 4. O-O d6 5. h3 Nf6 6. Nc3
O-O 7. d3 h6 8. Be3 Bxe3 9. fxe3 Na5 10. Nd5 Nxd5 11. exd5 Nxc4 12. dxc4 c6 13.
dxc6 bxc6 14. b4 Re8 15. c5 Ba6 16. Re1 e4 17. Nd4 dxc5 18. bxc5 Bb7 19. Qg4
Bc8 20. Qg3 Qf6 21. Rf1 Qg6 22. Qxg6 fxg6 23. Nxc6 Bb7 24. Na5 Rab8 25. Nxb7
Rxb7 26. a4 Rc7 27. a5 Rxc5 28. Rfc1 Rec8 29. Ra2 Kf7 30. Rf1+ Ke6 31. Rc1 a6
32. Kf2 h5 33. Kg3 Rc3 34. Kf4 R8c4 35. Rb2 Rc6 36. Kxe4 R3c4+ 37. Kf3 Kf5 38.
Ke2 Ke4 39. Kd2 Ra4 1/2-1/2

[Event "25e tournoi 1hKO"]
[Site "Montigny le Bretonneux"]
[Date "2023.05.21"]
[Round "9.23"]
[White "Orfila, Aylin"]
[Black "Carbonero, Jean Marc"]
[Result "0-1"]
[WhiteElo "1099"]
[BlackElo "1027"]
[Annotator "Rivier,Sylvain"]
[PlyCount "86"]
[EventDate "2023.??.??"]

{Partie italienne} 1. e4 e5 2. Nf3 Nc6 3. Nc3 d6 4. Bc4 Bg4 5. d3 Qd7 6. Bb5 a6
7. Ba4 b5 8. Bb3 h6 9. h3 Be6 10. O-O Bxb3 11. axb3 Nb4 12. Nh4 Be7 13. Qg4
Qxg4 14. hxg4 Bxh4 15. Be3 Nxc2 16. Rac1 Nxe3 17. fxe3 Nf6 18. Rf3 Nxg4 19. Rh3
Bf2+ 20. Kf1 Bxe3 21. Nd5 Bxc1 22. Nxc7+ Kd7 23. Nxa8 Rxa8 24. Rg3 h5 25. Kg1
Bxb2 26. Rh3 g6 27. Kf1 Rc8 28. Ke1 Bc3+ 29. Kd1 Nf2+ 30. Ke2 Nxh3 31. gxh3 f5
32. b4 Bxb4 33. Kf3 Rc3 34. Ke3 f4+ 35. Kd2 Ra3+ 36. Ke2 Ra2+ 37. Kf3 a5 38. h4
a4 39. d4 Ra3+ 40. Ke2 f3+ 41. Kf2 exd4 42. Kg3 Be1+ 43. Kf4 f2 0-1

[Event "25e tournoi 1hKO"]
[Site "Montigny le Bretonneux"]
[Date "2023.05.21"]
[Round "9.24"]
[White "Druet, Arnaud"]
[Black "Orfila, Leila"]
[Result "1-0"]
[WhiteElo "1199"]
[BlackElo "1009"]
[Annotator "Rivier,Sylvain"]
[PlyCount "45"]
[EventDate "2023.??.??"]

{Partie espagnole, dÃ©fense Morphy} 1. e4 e5 2. Nf3 Nc6 3. Bb5 a6 4. Ba4 b5 5.
Bb3 Nf6 6. O-O d5 7. exd5 Nxd5 8. a4 e4 9. Re1 Be7 10. Rxe4 Bg4 11. Rxg4 O-O
12. d3 Bd6 13. Bh6 Re8 14. Bxg7 Qe7 15. Bf6+ Kf8 16. Bxe7+ Rxe7 17. Bxd5 Rae8
18. Bxc6 Rd8 19. Qd2 f5 20. Qh6+ Kf7 21. Rg7+ Kf8 22. Qf6+ Rf7 23. Qxf7# 1-0

[Event "25e tournoi 1hKO"]
[Site "Montigny le Bretonneux"]
[Date "2023.05.21"]
[Round "9.25"]
[White "Christophe, Jules"]
[Black "Orfila, Hugo"]
[Result "1-0"]
[WhiteElo "1009"]
[BlackElo "1009"]
[Annotator "Rivier,Sylvain"]
[PlyCount "35"]
[EventDate "2023.??.??"]

{DÃ©but Ponziani} 1. e4 e5 2. Nf3 Nc6 3. Bc4 Bc5 4. O-O d6 5. d4 exd4 6. c3
dxc3 7. Nxc3 Bg4 8. Be3 Bxe3 9. fxe3 Nf6 10. Qe1 O-O 11. Rd1 Nb4 12. e5 Nc2 13.
Qh4 Nxe3 14. Bd3 Nxf1 15. Rxf1 Bxf3 16. Rxf3 dxe5 17. Rxf6 Qxf6 18. Qxh7# 1-0